Mining in the Himalayas : (Record no. 588729)

000 -LEADER
fixed length control field 01285cam a2200349 i 4500
001 - CONTROL NUMBER
control field 18924131
003 - CONTROL NUMBER IDENTIFIER
control field NUST
005 - DATE AND TIME OF LATEST TRANSACTION
control field 20220311104246.0
008 - FIXED-LENGTH DATA ELEMENTS--GENERAL INFORMATION
fixed length control field 160104s2017 fluab b 001 0 eng
010 ## - LIBRARY OF CONGRESS CONTROL NUMBER
LC control number 2015050706
020 ## - INTERNATIONAL STANDARD BOOK NUMBER
International Standard Book Number 9781498762342
Qualifying information (hardcover)
038 ## - RECORD CONTENT LICENSOR
Staff Name SAIF
040 ## - CATALOGING SOURCE
Original cataloging agency DLC
Language of cataloging eng
Transcribing agency DLC
Description conventions rda
Modifying agency DLC
042 ## - AUTHENTICATION CODE
Authentication code pcc
043 ## - GEOGRAPHIC AREA CODE
Geographic area code ah-----
050 00 - LIBRARY OF CONGRESS CALL NUMBER
Classification number TN113.H54
Item number S66 2016
082 00 - DEWEY DECIMAL CLASSIFICATION NUMBER
Classification number 622.068
Edition number 23
Author Mark SON
100 1# - MAIN ENTRY--PERSONAL NAME
Personal name Soni, A. K.,
Relator term author.
9 (RLIN) 90564
245 10 - TITLE STATEMENT
Title Mining in the Himalayas :
Remainder of title an integrated strategy /
Statement of responsibility, etc. A.K. Soni.
264 #1 - PRODUCTION, PUBLICATION, DISTRIBUTION, MANUFACTURE, AND COPYRIGHT NOTICE
Place of production, publication, distribution, manufacture Boca Raton :
Name of producer, publisher, distributor, manufacturer CRC Press, Taylor & Francis Group,
Date of production, publication, distribution, manufacture, or copyright notice [2017]
300 ## - PHYSICAL DESCRIPTION
Extent xix, 225 pages :
Other physical details illustrations (some color), maps ;
Dimensions 24 cm
336 ## - CONTENT TYPE
Content type term text
Source rdacontent
337 ## - MEDIA TYPE
Media type term unmediated
Source rdamedia
338 ## - CARRIER TYPE
Carrier type term volume
Source rdacarrier
504 ## - BIBLIOGRAPHY, ETC. NOTE
Bibliography, etc. note Includes bibliographical references (pages 207-214) and index.
563 ## - BINDING INFORMATION
Binding note H.B
650 #0 - SUBJECT ADDED ENTRY--TOPICAL TERM
Topical term or geographic name entry element Mining engineering
Geographic subdivision Himalaya Mountains Region.
9 (RLIN) 90565
650 #0 - SUBJECT ADDED ENTRY--TOPICAL TERM
Topical term or geographic name entry element Mineral industries
General subdivision Environmental aspects
Geographic subdivision Himalaya Mountains Region.
9 (RLIN) 90566
906 ## - LOCAL DATA ELEMENT F, LDF (RLIN)
a 7
b cbc
c orignew
d 1
e ecip
f 20
g y-gencatlg
942 ## - ADDED ENTRY ELEMENTS (KOHA)
Source of classification or shelving scheme
Koha item type Book
Holdings
Withdrawn status Lost status Source of classification or shelving scheme Damaged status Not for loan Permanent Location Current Location Date acquired Total Checkouts Full call number Barcode Date last seen Price effective from Koha item type
          School of Civil and Environmental Engineering (SCEE) School of Civil and Environmental Engineering (SCEE) 03/11/2022   622.068 SON NIT-13549 03/11/2022 03/11/2022 Book
© 2023 Central Library, National University of Sciences and Technology. All Rights Reserved.